| 000 | 00872nam a22002297a 4500 | ||
|---|---|---|---|
| 005 | 20170124110014.0 | ||
| 010 | _aA-610629 | ||
| 020 |
_c00.00 _a8173040052 |
||
| 035 | _aA-610629 | ||
| 037 | _bCen Lib/Ret | ||
| 040 |
_aDPL _bEN |
||
| 082 |
_a305.5 _bDHA |
||
| 100 |
_aDharma Kumar _918316 |
||
| 245 |
_aLand and caste in south India : _cby Dharma Kumar _bagricultural labour in the Madras Presidency during the nineteenth century / |
||
| 260 |
_aNew Delhi _bManohar Publishers _c1992 |
||
| 270 |
_a2/6, Ansari Road, Darya Ganj _bNew Delhi _e110002 |
||
| 300 |
_axl,211p. _c22cm(Hb) |
||
| 500 | _aIncludes bibliographical references and index | ||
| 650 |
_aAgricultural laborers -- India -- Tamil Nadu _918317 |
||
| 650 |
_aLand tenure -- India -- Tamil Nadu _918318 |
||
| 942 |
_2ddc _cEN _h305.5 _mDHA |
||
| 999 |
_c126728 _d126728 |
||